Diferencias entre el hombre y la mujer.
Guardado en:
| Formato: | |
|---|---|
| Materias: | |
| Etiquetas: |
Agregar Etiqueta
Sin Etiquetas, Sea el primero en etiquetar este registro!
|
| LEADER | 00790ngm a22002055g 4500 | ||
|---|---|---|---|
| 001 | CEM.cems022753 | ||
| 008 | 130507b2005##################0###0#####d | ||
| 005 | 20241115143346.0 | ||
| 245 | 0 | 0 | |a Diferencias entre el hombre y la mujer. |
| 300 | |a 23'. | ||
| 500 | |a En soporte VHS, consultar en ventanilla. | ||
| 505 | 0 | |a Diferencias genéticas, hormonales y corporales. Expectativas de vida. Enfermedades. Diferencias sensoriales e intelectuales. Motricidad y habilidades. Lenguaje. | |
| 538 | |a Soporte: VHS - Norma: Pal N - Color: Si - Grabación DRD 2005 - Hitachi=4585 | ||
| 082 | 6 | 1 | |/ EDU |
| 653 | |a BIOLOGIA | ||
| 653 | |a MEDICINA | ||
| 653 | |a ANATOMIA | ||
| 653 | |a NIVEL SECUNDARIO | ||
| 653 | |a NIVEL PRIMARIO | ||
| 859 | |a CEMS |b BIB. CEMS - Depto. Recursos Didacticos |h 611 |i EDU |k DRD |p 1396.12 |t Ej.1 | ||
